000 00286nam a2200121 a 4500
008 101026s1965|||| d
100 1 _aDoľd-Mychajlyk, J.
245 1 0 _aSám vojak v poli
_p1.diel
260 _bVPL
_aBratislava
_c1965
020 _c22
041 _aslo
044 _axo
_cSK
999 _c12296
_d12296